| 000 | 00591 a2200157 4500 | ||
|---|---|---|---|
| 003 | NUST | ||
| 005 | 20221207171140.0 | ||
| 040 | _cNust | ||
| 082 | _a297,IBR | ||
| 100 |
_a Ibrahim, Ezzeddin _9104374 |
||
| 245 |
_aForty Hadith / _cTranslated by Ezzeddin Ibrahim,Denys Johnson-Davies |
||
| 260 |
_bThe Holy Koran _c1976 |
||
| 300 | _a127p .: | ||
| 505 | _aIntroduction by the Translators in English (Page-7), Introduction by the Translators in Arabic (Page-12), Iman an- Nawawais Introduction in Arabic with English Translation (Page-18), The Hadith (Page-26). | ||
| 942 |
_2ddc _cBK _k297,IBR |
||
| 999 |
_c196507 _d196507 |
||